000 01108nam a2200373 a 4500
003 AR-BaBNM
005 20251128210752.0
008 082120s2002 ||||||||||||||000 | spa||
020 _a84-493-1003-2
040 _cAR-BaBNM
100 1 _aFabra, María Lluïsa
245 0 0 _aHablar y escuchar
_brelatos de profesor[e]s y estudiant[e]s
260 _aBarcelona
_bPaidós
_c2001
300 _a187 p.
_btablas
490 0 _aPapeles de pedagogía
_vv. 49
500 _aContiene referencias bibliográficas y apéndice
600 1 4 _aLewin, Kurt
650 4 _aPAPEL DEL LENGUAJE
650 4 _aRESULTADOS DE INVESTIGACION
650 4 _aAMBIENTE DE LA CLASE
650 4 _aNECESIDADES DEL ALUMNO
650 4 _aCARACTERISTICAS DEL DOCENTE
650 4 _aCOMPORTAMIENTO DEL DOCENTE
650 4 _aMOTIVACION DEL DOCENTE
650 4 _aPARTICIPACION DEL ALUMNO
650 4 _aLIDERAZGO
650 4 _aDINAMICA DE GRUPO
650 4 _aCONDUCCION DE LA CLASE
650 4 _aCOMUNICACION EN LA CLASE
650 4 _aPSICOLOGIA SOCIAL
700 1 _aDomènech, Miquel
942 _cBK
998 _cRAQUEL
999 _c16818
_d16818